Word Ladder: My Chemical Romance Quiz Stats

 Plays Quiz Updated Aug 21, 2019

Score 0/34 Timer 04:00
1 Play Today
Clue 4-Letter Word % Correct
⋆ This is the _____ Day Ever ⋆⋆ BEST ⋆
95%
⋆ Famous _____ Words ⋆⋆ LAST ⋆
94.3%
Female spouseWIFE
93.1%
⋆ The Jetset _____ is Gonna Kill You ⋆⋆ LIFE ⋆
93%
'Blast from the _____'PAST
92.7%
⋆ I Don't _____ You ⋆⋆ LOVE ⋆
92.2%
CreateMAKE
91.5%
MisplacedLOST
90.4%
Myers or Tyson, e.g.MIKE
90.3%
'_____ a Virgin'LIKE
90.2%
Fail to winLOSE
90.2%
Succeed on a testPASS
90.1%
⋆ Hang 'Em _____⋆ HIGH ⋆
90%
_____ E. CoyoteWILE
88.7%
A nuisancePEST
88.3%
EnormousHUGE
87.6%
A part in a playROLE
87.5%
Clue 4-Letter Word % Correct
Hefner or Laurie, e.g.HUGH
85.2%
Pepper sprayMACE
84.7%
Ancient Egyptian goddess of catsBAST
84.5%
Tube for conveying waterHOSE
83.7%
Irritate, annoyRILE
83.5%
⋆ Our _____ of Sorrows ⋆⋆ LADY ⋆
82.2%
Olympic toboggan for twoLUGE
80%
Actor William H. _____MACY
79.7%
BoysLADS
79.1%
FrillyLACY
79%
To move aimlesslyROVE
78.7%
Mice rest on themPADS
77.7%
Drags with great effortLUGS
76.8%
⋆ The Only _____ For Me Is You ⋆⋆ HOPE ⋆
76.3%
Ship recordsLOGS
75.7%
Cuts off a branch from a treeLOPS
66%
A long bounding strideLOPE
65.8%

Today's Daily Dose

Missing Word
Celine Dion

Word Ladder
Dr. Seuss Books

Quick Pick
Cities in India

Get the Picture
'A' Actresses

You're not logged in!

Compare scores with friends on all Sporcle quizzes.
OR
Log In

Sporcle TV

Today on Sporcle TV


Watch our educational content, quiz creation guides, and fun videos on Sporcle TV.

Show Comments

Extras

Top Quizzes Today


Score Distribution

Your Account Isn't Verified!

In order to create a playlist on Sporcle, you need to verify the email address you used during registration. Go to your Sporcle Settings to finish the process.

Report this User

Report this user for behavior that violates our Community Guidelines.

Details: